000
00220nam a2200097Ia 4500
008
240331s9999 xx 000 0 und d
082
_a
294.3
_b
BUD
100
_a
Burlingame, E.W. tr.
245
0
_a
Buddhist parables
942
_c
L
999
_c
932
_d
932